Heart Labeling - Statistics

General Stats
  • This quiz has been taken 67 times
  • The average score is 7 of 19
Answer Stats
Picture Answer % Correct
Superior vena cava
84%
Aorta
78%
Inferior vena cava
60%
Left ventricle
60%
Left atrium
56%
Right ventricle
56%
Right atrium
53%
Tricuspid valve
44%
Bicuspid (mitral) valve
40%
Right pulmonary artery
36%
Left pulmonary artery
31%
Right pulmonary veins
31%
Septum
31%
Left pulmonary veins
27%
apex
18%
Pulmonary semilunar valve
13%
Aortic semilunar valve
7%
Endocardium
7%
myocardium
7%
No matching quizzes found
Score Distribution
Percent of People with Each Score
Percentile by Number Answered
Your Score History
You have not taken this quiz